Sports Quiz

Random Sports or Soccer Quiz

Never Played in the Premier League Quiz Stats

 Plays Quiz Updated Aug 20, 2018

Challenge
Share
Tweet
Embed
Score 0/44 Timer 08:00
2 Plays Today
% Correct
Bristol City
70.8%
Plymouth Argyle
69.4%
Accrington Stanley
69.1%
Yeovil Town
67.1%
MK Dons
65.6%
Bristol Rovers
64.1%
Oxford United
63%
Exeter City
61.9%
Carlisle United
60.1%
Luton Town
59.3%
Notts County
59.1%
Cambridge United
58.7%
Brentford
58.3%
Doncaster Rovers
58.1%
Preston North End
57.8%
Bury
57.3%
Northampton Town
56.5%
Gillingham
56.1%
Rotherham United
55.8%
Millwall
55.2%
Lincoln City
55.2%
Burton Albion
54.6%
% Correct
Wycombe Wanderers
54%
Colchester United
54%
Peterborough United
53.9%
Chesterfield
53.7%
AFC Wimbledon
53.7%
Walsall
53%
Southend United
52.5%
Barnet FC
51.5%
Port Vale
51.5%
Grimsby Town
51.4%
Crewe Alexandra
50.2%
Forest Green Rovers
50%
Mansfield Town
49.7%
Rochdale
49.1%
Scunthorpe United
48.6%
Fleetwood Town
48%
Newport County
46.5%
Shrewsbury Town
46%
Crawley Town
46%
Cheltenham Town
44.1%
Stevenage
40.9%
Morecambe
39.5%

You're not logged in!

Compare scores with friends on all Sporcle quizzes.
OR
Log In

You Might Also Like...

Show Comments

Extras

Top Quizzes Today


Score Distribution

Your Account Isn't Verified!

In order to create a playlist on Sporcle, you need to verify the email address you used during registration. Go to your Sporcle Settings to finish the process.

Report this User

Report this user for behavior that violates our Community Guidelines.

Details: